Nómina de los diputados para las próximas Cortes : sus estados y profesiones y una observación sobre estas elecciones ; Sesiones de Cortes del año de 1820 sus estados y profesiones y una observación sobre estas elecciones ; Sesiones de Cortes del año de 1820
Descripción Física:
7, 712 p. ; 21 cm
MARC
| LEADER | 00000nam a2200000Ia 4500 | ||
|---|---|---|---|
| 001 | 14030 | ||
| 008 | 160829s1820 xx 000 0 cat d | ||
| 080 | |a M-4-88 | ||
| 100 | |a Espanya. Cortes Generales. Congreso |9 30691 | ||
| 245 | |a Nómina de los diputados para las próximas Cortes : |b sus estados y profesiones y una observación sobre estas elecciones ; Sesiones de Cortes del año de 1820 | ||
| 260 | |a Barcelona : |b Juan Francisco Piferrer, |c 1820 | ||
| 300 | |a 7, 712 p. ; |c 21 cm | ||
| 590 | |a Conté encartat: Diario de Barcelona, del no 193 (11 jul. 1820) al no 201 (19 jul. 1820). | ||
| 590 | |a Títol secundari: Sesiones de Cortes del año de 1820 | ||
| 650 | |a Espanya. Cortes Generales. Congreso |x 1820 |9 47926 | ||
| 650 | |a Espanya |x Política i govern |x 1820 |9 47927 | ||
| 901 | |a Arxiu | ||
| 942 | |n 1 | ||
| 952 | |0 0 |1 0 |4 0 |6 M488 |7 1 |9 54207 |a Arxiu |b Arxiu |d 2016-12-01 |l 0 |o M-4-88 |p 14030 |r 2016-12-01 00:00:00 |w 2016-12-01 |y ARXIU | ||
| 999 | |c 58076 |d 58076 | ||